<?xml version="1.0" encoding="UTF-8"?><?xml-stylesheet type="text/xsl" href="static/style.xsl"?><OAI-PMH xmlns="http://www.openarchives.org/OAI/2.0/" xmlns:xsi="http://www.w3.org/2001/XMLSchema-instance" xsi:schemaLocation="http://www.openarchives.org/OAI/2.0/ http://www.openarchives.org/OAI/2.0/OAI-PMH.xsd"><responseDate>2026-04-29T04:10:17Z</responseDate><request verb="GetRecord" identifier="oai:repisalud.isciii.es:20.500.12105/19478" metadataPrefix="marc">https://repisalud.isciii.es/rest/oai/request</request><GetRecord><record><header><identifier>oai:repisalud.isciii.es:20.500.12105/19478</identifier><datestamp>2024-11-28T17:18:52Z</datestamp><setSpec>com_20.500.12105_2052</setSpec><setSpec>com_20.500.12105_2051</setSpec><setSpec>com_20.500.12105_15322</setSpec><setSpec>col_20.500.12105_19608</setSpec><setSpec>col_20.500.12105_16959</setSpec></header><metadata><record xmlns="http://www.loc.gov/MARC21/slim" xmlns:dcterms="http://purl.org/dc/terms/" xmlns:doc="http://www.lyncode.com/xoai" xmlns:xsi="http://www.w3.org/2001/XMLSchema-instance" xsi:schemaLocation="http://www.loc.gov/MARC21/slim http://www.loc.gov/standards/marcxml/schema/MARC21slim.xsd">
   <leader>00925njm 22002777a 4500</leader>
   <datafield ind2=" " ind1=" " tag="042">
      <subfield code="a">dc</subfield>
   </datafield>
   <datafield ind2=" " ind1=" " tag="720">
      <subfield code="a">Nuñez, Olivier</subfield>
      <subfield code="e">author</subfield>
   </datafield>
   <datafield ind2=" " ind1=" " tag="720">
      <subfield code="a">Fernandez-Navarro, Pablo L</subfield>
      <subfield code="e">author</subfield>
   </datafield>
   <datafield ind2=" " ind1=" " tag="720">
      <subfield code="a">Lope Carvajal, Virginia</subfield>
      <subfield code="e">author</subfield>
   </datafield>
   <datafield ind2=" " ind1=" " tag="720">
      <subfield code="a">Talaván González, Celía</subfield>
      <subfield code="e">author</subfield>
   </datafield>
   <datafield ind2=" " ind1=" " tag="720">
      <subfield code="a">Sánchez, MJ</subfield>
      <subfield code="e">author</subfield>
   </datafield>
   <datafield ind2=" " ind1=" " tag="720">
      <subfield code="a">Perez-Gomez, Beatriz</subfield>
      <subfield code="e">author</subfield>
   </datafield>
   <datafield ind2=" " ind1=" " tag="720">
      <subfield code="a">Pollan-Santamaria, Marina</subfield>
      <subfield code="e">author</subfield>
   </datafield>
   <datafield ind2=" " ind1=" " tag="260">
      <subfield code="c">2023</subfield>
   </datafield>
   <datafield ind2=" " ind1=" " tag="520">
      <subfield code="a">Background/Objectives: Educational level is one of the classic axes of inequality in public health. The recent incorporation in Spain of this information into individual mortality data makes it possible for the first time to analyze the cancer mortality risk gradient according to educational level in this country. Breast and gynecological cancers are a major public health issue, accounting for more than 30% of all cancer mortality among women in Spain. They are strongly related to lifestyle choices, preventive care, or adherence to screening programs, factors that are often conditioned by educational level. The aim of this study is to assess the magnitude of the educational gap in the risk of mortality from these cancers in women residing in Spain. Methods: The population data and mortality from breast and gynecological cancers in the period 2016-2020 by age (from 30 years old), level of education (from primary to doctorate) and province of residence, were provided by the Spanish National Institute of Statistics. For each tumor and two age groups (30-44 and 45+), the risk of mortality by educational level were estimated using a Poisson regression model adjusted for age and province. The relative risk (RR) of cancer mortality was also calculated by comparing the group with the highest level of education with the group with the lowest level. This RR was given for the entire cohort when no interaction was found between educational level and the age group. Results: Mortality risk was inversely associated with level of education for most gynecological cancers (cervix, corpus uterus, vulva, vagina). This was particularly the case for cervix cancer (RR = 0.26, 95%CI = 0.19 to 0.36) in young women (30-44 years) and for vulva cancer (RR = 0.48, 95%CI = 0.32 to 0.72). On the other hand, this relationship was inverted for breast cancer (RR = 1.43, 95%CI = 1.35 to 1.52) and ovarian cancer (RR = 1.21, 95%CI = 1.09 to 1.35). Conclusions/Recommendations: The relationship between mortality risk and educational level changes markedly whether the cancer is breast or gynecological. The identification of groups of women at high risk of death from these cancers according to their level of education and age group can be useful for targeting interventions and monitoring cancer disparities.</subfield>
   </datafield>
   <datafield ind1="8" ind2=" " tag="024">
      <subfield code="a">Gac Sanit. 2023;37(S1):53-54.</subfield>
   </datafield>
   <datafield ind1="8" ind2=" " tag="024">
      <subfield code="a">http://hdl.handle.net/20.500.12105/19478</subfield>
   </datafield>
   <datafield tag="653" ind2=" " ind1=" ">
      <subfield code="a">Breast cancer</subfield>
   </datafield>
   <datafield tag="653" ind2=" " ind1=" ">
      <subfield code="a">Gynecological cancers</subfield>
   </datafield>
   <datafield tag="653" ind2=" " ind1=" ">
      <subfield code="a">Mortality</subfield>
   </datafield>
   <datafield tag="653" ind2=" " ind1=" ">
      <subfield code="a">Socioeconomic factor</subfield>
   </datafield>
   <datafield tag="653" ind2=" " ind1=" ">
      <subfield code="a">Spain</subfield>
   </datafield>
   <datafield tag="653" ind2=" " ind1=" ">
      <subfield code="a">Public Health</subfield>
   </datafield>
   <datafield ind2="0" ind1="0" tag="245">
      <subfield code="a">Inequalities in mortality from breast and gynecological cancers according to level of education: a population-based study in Spain</subfield>
   </datafield>
</record></metadata></record></GetRecord></OAI-PMH>